Sports Quiz

Random Sports or NCAA Quiz

Retro NCAA Logos (Pic) Quiz Stats

 Plays Quiz not verified by Sporcle

Also try: NFL Teams by Owner
Challenge
Share
Tweet
Score 0/15 Timer 06:00
0 Plays Today
Number % Correct
13Duke Blue Devils
91.9%
7Nebraska Cornhuskers
90.9%
2Florida Gators
84.6%
9Miami Hurricanes
82.8%
15Oklahoma Sooners
77.3%
4Northwestern Wildcats
65.3%
6Air Force Falcons
63.2%
11Iowa Hawkeyes
62.5%
Number % Correct
8Tennessee Volunteers
59%
3Saint Louis Billikens
47.9%
10Pittsburgh Panthers
41%
5Arizona Wildcats
40.4%
1Depaul Blue Demons
38.7%
14Michigan Wolverines
26.3%
12Southern Illinois Salukis
23.5%

You're not logged in!

Compare scores with friends on all Sporcle quizzes.
Join for Free
OR
Log In

You Might Also Like...

Show Comments

Extras

Created Nov 21, 2012SourceReportNominate
Tags:NCAA Quiz, retro, school

Top Quizzes Today


Score Distribution

Your Account Isn't Verified!

In order to create a playlist on Sporcle, you need to verify the email address you used during registration. Go to your Sporcle Settings to finish the process.

Report this User

Report this user for behavior that violates our Community Guidelines.

Details: